000 02130cam a22004694i 4500
003 PE-LiUPU
005 20250731173321.0
008 150625s r 000 0 d
020 _a9780800637873
035 _a(Sirsi) i9780800637873
040 _aPE-LiUPU
_bspa
_cPE-LiUPU
_erda
049 _aPRUA
082 0 4 _a220.6
_bA22
_221
100 1 _aAdam, A. K. M.,
_eautor.
245 1 0 _aFaithful interpretation :
_breading the Bible in a postmodern world /
_cA. K. M. Adam.
264 1 _aMinneapolis, MN :
_bFortress Press,
_c2006.
300 _a193 páginas ;
_c22 centímetros,
336 _atext
_2rdacontent
337 _aunmediated
_2rdamedia
338 _avolume
_2rdacarrier
504 _aIncluye referencias bibliográficas.
505 0 _aBiblical Theology and the problem of modernity. -Why historical Criticism Can't protect christological orthodoxy: reflections on docetism, käsemann, and christology. -Twisting to destruction: a memorandum on the ethics of interpretation. -Postmodern criticism applied: Matthew's readers, power, and ideology. -Integral and differential hermenutics: the significance of interpretive diference. -Walk thsi way: repetition, diference, and the imitation of Christ. -The sign of Jonah: a fish -eye view. -Disciples together, constantly: reading in comunitly: reading in community.
526 _aSEG42
526 _aSEG41
526 _aSEG40
526 _aSEG39
526 _aP94
526 _aP87
526 _aP86
526 _aP85
526 _aP77
526 _aP76
526 _aP35
541 _g438621;
650 0 4 _aHermenéutica bíblica.
650 0 4 _aPosmodernismo
_xCristianismo.
942 _2ddc
_cBOOK
949 _a220.6 A22
_wDEWEY
_c1
_i57555
_lCCODEBUL1
_mBUL
_r0
_sY
_tBOOK
_u2015-6-25
_xTEOLOGIA
_PP35
_0COMPRA
_o.STAFF. Colección General
994 _aC0
_bPEPRU
596 _a1
999 _a220.6 A22
_wDEWEY
_c46577
_i57555
_f2021-11-9
_g5
_lCCODEBUL1
_mBUL
_r0
_sY
_tBOOK
_u2015-6-25
_xTEOLOGIA
_PP35
_0COMPRA
_o.STAFF. Colección General
_d46577
980 _81
_gALBERTO SANCHEZ Responsable de Automatización